Ján Ondriska Návšteva v ateliéri

Bibliographic Details
Main Author: Budská, Viera, 1946-2019 (Author)
Format: Article
Language:Slovak
PhysicalDescription:Obr. 5.
Subjects:

MARC

LEADER 00000nab a2200000 a 4500
001 vtls000007090
003 SK-MaSNL
005 20260304074931.0
008 250422c1978 xo 0 slo
015 |a SNBRB19rr/mm-uuuuu 
035 |a CL0017183 
035 |a urn:nbn:sk:snk-ab89 
035 |a (urnnbn)urn:nbn:sk:snk:ar-005kyo 
035 |a (uuid)f9792368-52fd-4276-8482-aa36bf0e54eb 
040 |a SNKBUCL  |b slo  |c SNKBUCL  |e AACR2 
041 0 |a slo 
044 |a xo  |c SK 
080 |a 76  |2 1981 
080 |a 92 Ondriska, Ján  |2 1981 
100 1 |a Budská, Viera,  |d 1946-2019  |4 aut  |9 56597 
245 1 0 |a Ján Ondriska  |b Návšteva v ateliéri  |c Viera Budska ; Viera Budská 
300 |b Obr. 5. 
600 1 7 |a Ondriska, Ján,  |d 1943-  |2 snkbucl  |9 198013 
655 7 |a články z novín a časopisov  |2 snkbucl  |9 267496 
700 1 |a Budská, Viera,  |d 1946-2019  |4 aut  |9 56597 
773 0 |t Výtvarný život  |g Roč. 23, č. 7 (1978), s. 42-43 
850 |a Slovenská národná knižnica 
852 |a Slovenská národná knižnica 
954 |a odborná, vedecká literatúra pôvodná (slovenská)  |2 lita 
958 |a article27 
958 |a RK 
958 |a OND 
958 |a EUIPO 
992 |a RBX 
999 |c 2778671  |d 2780601